[Event "Titled Tuesday intern op 23rd Nov"]
[Site "Chess.com INT"]
[Date "2021.11.23"]
[Round "7"]
[White "Tronenkovs, Valdis"]
[Black "Corrales Jimenez, Zenia"]
[Result "1-0"]
[WhiteElo "2265"]
[BlackElo "2198"]
[PlyCount "87"]
[EventDate "2021.11.23"]
[EventType "swiss (blitz)"]
[EventRounds "11"]
[EventCountry "USA"]
[SourceTitle "CBM 205 Extra"]
[Source "ChessBase"]
[SourceDate "2022.01.31"]
[SourceVersion "1"]
[SourceVersionDate "2022.01.31"]
[SourceQuality "1"]

1. e4 c5 2. Ne2 d6 3. g3 g6 4. Bg2 Bg7 5. c3 Nc6 6. d4 cxd4 7. cxd4 Nf6 8. 0-0 0-0 9. Nbc3 Bd7 10. h3 a6 11. Be3 Rc8 12. Qd2 Na5 13. b3 Nc6 14. Rac1 b5 15. f4 e5 16. dxe5 dxe5 17. Rfd1 exf4 18. gxf4 Be6 19. e5 Qxd2 20. Rxd2 Nh5 21. Rd6 Nb4 22. a3 Nc2 23. Rxc2 Bxb3 24. Rcd2 h6 25. Bb7 Rc7 26. Bxa6 g5 27. Nxb5 Re7 28. Nbd4 gxf4 29. Nxf4 Rxe5 30. Nxh5 Rxh5 31. Nxb3 Rxh3 32. Bd4 Rxb3 33. Rg2 Rb1+ 34. Kh2 f6 35. Rd7 Rf7 36. Bc4 Rc1 37. Bxf7+ Kh7 38. Bg6+ Kh8 39. Rd8+ Bf8 40. Bxf6+ Kg8 41. Bh5+ Kh7 42. Rd7+ Bg7 43. Rgxg7+ Kh8 44. Rd8# 1-0

[Event "Titled Tuesday intern op 23rd Nov"]
[Site "Chess.com INT"]
[Date "2021.11.23"]
[Round "8"]
[White "Tronenkovs, Valdis"]
[Black "Djokic, Mihailo"]
[Result "1-0"]
[WhiteElo "2265"]
[BlackElo "2274"]
[PlyCount "151"]
[EventDate "2021.11.23"]
[EventType "swiss (blitz)"]
[EventRounds "11"]
[EventCountry "USA"]
[SourceTitle "CBM 205 Extra"]
[Source "ChessBase"]
[SourceDate "2022.01.31"]
[SourceVersion "1"]
[SourceVersionDate "2022.01.31"]
[SourceQuality "1"]

1. e4 c5 2. Ne2 e5 3. Nbc3 Nc6 4. Nd5 f5 5. Nec3 fxe4 6. Nb5 Nf6 7. Ndc7+ Kf7 8. Nxa8 a6 9. Nc3 d5 10. d3 exd3 11. Bxd3 Be6 12. 0-0 Qxa8 13. Bg5 Be7 14. f4 e4 15. f5 Bd7 16. Be2 d4 17. Bxf6 Bxf6 18. Nxe4 Be7 19. Bc4+ Kf8 20. f6 Ne5 21. fxg7+ Kxg7 22. Qh5 Qb8 23. Rf7+ Nxf7 24. Qxf7+ Kh6 25. Qxe7 Qf4 26. Qf6+ Qxf6 27. Nxf6 Bf5 28. Bd3 Be6 29. Re1 Bxa2 30. b3 b5 31. Ra1 c4 32. Rxa2 cxd3 33. cxd3 Rc8 34. Rxa6 Kg5 35. Ne4+ Kf4 36. Rf6+ Ke3 37. Rf3+ Ke2 38. h4 h5 39. Kh2 Rc1 40. Rg3 Rb1 41. Nf6 Rxb3 42. Nxh5 Rc3 43. Nf4+ Kd2 44. h5 b4 45. h6 b3 46. h7 b2 47. h8Q b1Q 48. Qxd4 Rc1 49. Qe3+ Kc2 50. Qe2+ Kc3 51. d4+ Kxd4 52. Rd3+ Kc5 53. Qe5+ Kb4 54. Qe4+ Ka5 55. Rd5+ Kb6 56. Qxb1+ Rxb1 57. Rd3 Kc6 58. Kg3 Rf1 59. Kg4 Kc5 60. Kf5 Kc4 61. Rf3 Rg1 62. g4 Kd4 63. Rd3+ Kc4 64. g5 Rf1 65. Rd2 Kc3 66. Rd8 Kc4 67. g6 Rg1 68. Rd7 Kc5 69. g7 Kc6 70. Rf7 Kd6 71. Kf6 Rf1 72. g8Q Rxf4+ 73. Kg7 Rg4+ 74. Kf8 Rxg8+ 75. Kxg8 Ke6 76. Kg7 1-0

[Event "Titled Tuesday intern op 23rd Nov"]
[Site "Chess.com INT"]
[Date "2021.11.23"]
[Round "5"]
[White "Tronenkovs, Valdis"]
[Black "Tsiolakidis, Anastasios"]
[Result "1-0"]
[WhiteElo "2265"]
[BlackElo "2298"]
[PlyCount "87"]
[EventDate "2021.11.23"]
[EventType "swiss (blitz)"]
[EventRounds "11"]
[EventCountry "USA"]
[SourceTitle "CBM 205 Extra"]
[Source "ChessBase"]
[SourceDate "2022.01.31"]
[SourceVersion "1"]
[SourceVersionDate "2022.01.31"]
[SourceQuality "1"]

1. e4 c5 2. Ne2 d5 3. exd5 Nf6 4. c4 e6 5. Nbc3 exd5 6. cxd5 Nxd5 7. d4 cxd4 8. Qxd4 Be6 9. Nf4 Nxf4 10. Qxd8+ Kxd8 11. Bxf4 Bb4 12. 0-0-0+ Nd7 13. Nd5 Rc8+ 14. Kb1 Ba5 15. Bb5 a6 16. Bxd7 Bxd7 17. Bg5+ f6 18. Nxf6 gxf6 19. Bxf6+ Kc7 20. Be5+ Kb6 21. Rxd7 Rhe8 22. f4 Kc6 23. Rhd1 Bb4 24. a3 Bf8 25. Rxh7 b5 26. Rc1+ Kd5 27. Rd1+ Ke4 28. Rh3 b4 29. axb4 Bxb4 30. Rd4+ Kf5 31. Rxb4 a5 32. Rb5 a4 33. Rh5+ Ke4 34. Rb4+ Kd3 35. Rh3+ Kd2 36. Rd4+ Ke2 37. Rxa4 Rc6 38. Rc3 Rg6 39. Re4+ Kf2 40. Bd4+ Kf1 41. Rxe8 Re6 42. Rxe6 Kxg2 43. Re2+ Kh1 44. Rc1# 1-0

[Event "Speed Chess GP2"]
[Site "Chess.com INT"]
[Date "2021.09.25"]
[Round "5"]
[White "Mikhailovsky, Vladimir"]
[Black "Tronenkovs, Valdis"]
[Result "1-0"]
[WhiteElo "2197"]
[BlackElo "2265"]
[PlyCount "53"]
[EventDate "2021.09.25"]
[EventType "swiss (blitz)"]
[EventRounds "10"]
[EventCountry "USA"]
[SourceTitle "CBM 204 Extra"]
[Source "ChessBase"]
[SourceDate "2021.11.30"]
[SourceVersion "1"]
[SourceVersionDate "2021.11.30"]
[SourceQuality "1"]

1. e4 c5 2. Nf3 Nc6 3. Bb5 e6 4. 0-0 Nge7 5. d4 cxd4 6. Nxd4 Qb6 7. Bxc6 dxc6 8. e5 Ng6 9. Nf3 Be7 10. Qe2 0-0 11. Nbd2 Qb5 12. Nc4 a5 13. b3 a4 14. Bg5 Bc5 15. Qe4 Qa6 16. Be3 Be7 17. Rfd1 b5 18. Nd6 Bxd6 19. Rxd6 Bb7 20. h4 Ne7 21. Ng5 Nf5 22. g4 c5 23. Rxa6 Bxe4 24. Rxa8 Rxa8 25. Nxe4 Nxe3 26. fxe3 axb3 27. cxb3 1-0

[Event "Speed Chess GP1"]
[Site "Chess.com INT"]
[Date "2021.09.18"]
[Round "5"]
[White "Molina, Roberto Junio Brito"]
[Black "Tronenkovs, Valdis"]
[Result "1-0"]
[WhiteElo "2434"]
[BlackElo "2265"]
[PlyCount "97"]
[EventDate "2021.09.18"]
[EventType "swiss (blitz)"]
[EventRounds "10"]
[EventCountry "USA"]
[SourceTitle "CBM 204 Extra"]
[Source "ChessBase"]
[SourceDate "2021.11.30"]
[SourceVersion "1"]
[SourceVersionDate "2021.11.30"]
[SourceQuality "1"]

1. d4 Nf6 2. c4 e6 3. Nf3 d5 4. Nc3 Be7 5. Bg5 h6 6. Bh4 0-0 7. e3 b6 8. cxd5 Nxd5 9. Bxe7 Qxe7 10. Rc1 Bb7 11. Be2 Rc8 12. Qb3 c5 13. Nxd5 Bxd5 14. Qa3 Nd7 15. 0-0 Qf8 16. Ba6 Rd8 17. Be2 cxd4 18. Qxf8+ Kxf8 19. Nxd4 Rdc8 20. a3 Ke7 21. f3 Bb7 22. Rfd1 a5 23. Kf2 Nc5 24. e4 g6 25. Ke3 e5 26. Nb5 Rd8 27. Rxd8 Rxd8 28. b4 axb4 29. axb4 Na6 30. Rb1 Rc8 31. Rb2 Nc7 32. Nc3 Ne6 33. Na4 Bc6 34. Nxb6 Rb8 35. Nc4 f6 36. Na5 Bb5 37. Bd3 Kd6 38. Bxb5 Rxb5 39. Nc4+ Ke7 40. Na3 Rb6 41. b5 Nd4 42. Kd3 Kd6 43. Kc4 Rb7 44. Kb4 Rc7 45. Nc4+ Ke6 46. Ra2 Rb7 47. b6 Nc6+ 48. Kc5 Ne7 49. Ra7 1-0

[Event "Speed Chess GP1"]
[Site "Chess.com INT"]
[Date "2021.09.18"]
[Round "7"]
[White "Tronenkovs, Valdis"]
[Black "Bodek, Michael H"]
[Result "1-0"]
[WhiteElo "2265"]
[BlackElo "2397"]
[PlyCount "123"]
[EventDate "2021.09.18"]
[EventType "swiss (blitz)"]
[EventRounds "10"]
[EventCountry "USA"]
[SourceTitle "CBM 204 Extra"]
[Source "ChessBase"]
[SourceDate "2021.11.30"]
[SourceVersion "1"]
[SourceVersionDate "2021.11.30"]
[SourceQuality "1"]

1. e4 e6 2. d4 d5 3. Nc3 Bb4 4. e5 b6 5. Qg4 Kf8 6. Bd2 c5 7. 0-0-0 Nc6 8. Nce2 Bxd2+ 9. Rxd2 Ba6 10. f4 Nh6 11. Qf3 Nf5 12. dxc5 bxc5 13. g4 Nfe7 14. Ng3 Qa5 15. Bxa6 Qxa6 16. Kb1 Nd4 17. Qd3 Qxd3 18. Rxd3 Nec6 19. c3 Nb5 20. Nf3 c4 21. Rd2 Ke7 22. f5 a5 23. Rf1 a4 24. a3 Rab8 25. Kc2 Na5 26. Re2 Nb3 27. Ng5 Rbf8 28. Ref2 h6 29. f6+ gxf6 30. exf6+ Kd6 31. Nf3 Nc5 32. Rd1 Rhg8 33. h3 Nd3 34. Re2 e5 35. Ne1 e4 36. Nxe4+ dxe4 37. Rxe4 Re8 38. Rxc4 Rxe1 39. Rxd3+ Ke6 40. Rc6+ Ke5 41. Rc5+ Kf4 42. Rd4+ Kf3 43. Rd3+ Kg2 44. Rxb5 Rge8 45. Rh5 Ra1 46. Rd2+ Kg3 47. Rxh6 Ree1 48. Rh7 Kf3 49. Kd3 Re3+ 50. Kd4 Re4+ 51. Kd3 Rae1 52. Rxf7 R4e3+ 53. Kc4 Re6 54. Kb4 Rb6+ 55. Kxa4 Ree6 56. b4 Ra6+ 57. Kb3 Reb6 58. c4 Re6 59. c5 Kf4 60. Rc2 Kf3 61. Rc3+ Kg2 62. c6 1-0

[Event "Speed Chess GP1"]
[Site "Chess.com INT"]
[Date "2021.09.18"]
[Round "8"]
[White "Tronenkovs, Valdis"]
[Black "Srihari, LR."]
[Result "0-1"]
[WhiteElo "2265"]
[BlackElo "2414"]
[PlyCount "116"]
[EventDate "2021.09.18"]
[EventType "swiss (blitz)"]
[EventRounds "10"]
[EventCountry "USA"]
[SourceTitle "CBM 204 Extra"]
[Source "ChessBase"]
[SourceDate "2021.11.30"]
[SourceVersion "1"]
[SourceVersionDate "2021.11.30"]
[SourceQuality "1"]

1. e4 c5 2. Ne2 Nc6 3. Nbc3 a6 4. d4 cxd4 5. Nxd4 e6 6. Be2 Qc7 7. 0-0 Nf6 8. Be3 h5 9. Nxc6 dxc6 10. f4 e5 11. fxe5 Ng4 12. Bxg4 hxg4 13. Qd4 Be6 14. Rad1 Be7 15. Ne2 Rd8 16. Qc3 a5 17. Nf4 Bb4 18. Rxd8+ Qxd8 19. Nxe6 fxe6 20. Qc4 Qd7 21. c3 Be7 22. Bc5 b5 23. Qd4 Qxd4+ 24. Bxd4 Rh5 25. Bb6 Rxe5 26. Bxa5 Rxe4 27. Kf2 Bc5+ 28. Kg3 Bd6+ 29. Kf2 Ra4 30. Bb6 Rxa2 31. Rb1 c5 32. h3 g3+ 33. Kf3 Ra6 34. Bxc5 Bxc5 35. Kxg3 Rd6 36. Kf3 Rd2 37. b4 Bd6 38. Re1 Ke7 39. Re3 Rd1 40. Ke4 Rd5 41. Rf3 Re5+ 42. Kd4 Re2 43. c4 bxc4 44. Kxc4 Rxg2 45. b5 e5 46. Kd5 Rd2+ 47. Kc6 e4 48. Re3 Rd4 49. b6 Bf4 50. Re2 e3 51. b7 Rd6+ 52. Kc5 Rd2 53. Re1 e2 54. Kc6 Ke6 55. Kc5 Kf5 56. h4 Ke4 57. Rg1 Kf3 58. Rxg7 e1Q 0-1

[Event "Titled Tuesday intern op 10th Aug"]
[Site "Chess.com INT"]
[Date "2021.08.10"]
[Round "2"]
[White "Grineva, Marianna"]
[Black "Tronenkovs, Valdis"]
[Result "0-1"]
[WhiteElo "1976"]
[BlackElo "2265"]
[PlyCount "112"]
[EventDate "2021.08.10"]
[EventType "swiss (blitz)"]
[EventRounds "11"]
[EventCountry "USA"]
[SourceTitle "CBM 203 Extra"]
[Source "ChessBase"]
[SourceDate "2021.09.30"]
[SourceVersion "1"]
[SourceVersionDate "2021.09.30"]
[SourceQuality "1"]

1. e4 c5 2. Nf3 Nc6 3. d4 cxd4 4. Nxd4 g6 5. c4 Nf6 6. Nc3 d6 7. f3 Nxd4 8. Qxd4 Bg7 9. Be3 0-0 10. Qd2 a5 11. Rc1 a4 12. Be2 Qa5 13. 0-0 Be6 14. Rfd1 Rfc8 15. Nd5 Qxd2 16. Rxd2 Bxd5 17. exd5 Nd7 18. f4 b5 19. Bg4 f5 20. Be2 Rc7 21. Rdc2 Rac8 22. b3 axb3 23. axb3 Kf7 24. Bd3 bxc4 25. Bxc4 Ra8 26. Kf2 Ra3 27. Kf3 Bf6 28. h3 h6 29. g4 Nc5 30. gxf5 gxf5 31. Rg1 Ne4 32. Rcg2 Rb7 33. Rg6 Rbxb3 34. Bxb3 Rxb3 35. Rxh6 Rd3 36. Rh7+ Kf8 37. Rh5 Rxd5 38. Ke2 Kf7 39. Kf3 Rb5 40. Rd1 Ke6 41. Rh6 Rb3 42. Rh5 Ra3 43. Rh6 Kf7 44. Rg1 Bd4 45. Rh7+ Ke8 46. Re1 Kd7 47. Rh6 Bf6 48. Rh5 Bd4 49. Rxf5 Nd2+ 50. Ke2 Rxe3+ 51. Kxd2 Rxh3 52. Re4 Bc5 53. Rf7 Rh2+ 54. Kd3 Rh3+ 55. Kc4 Kc6 56. Rfxe7 d5# 0-1

[Event "Titled Tuesday intern op 10th Aug"]
[Site "Chess.com INT"]
[Date "2021.08.10"]
[Round "3"]
[White "Tronenkovs, Valdis"]
[Black "Andreikin, Dmitry"]
[Result "0-1"]
[WhiteElo "2265"]
[BlackElo "2724"]
[PlyCount "48"]
[EventDate "2021.08.10"]
[EventType "swiss (blitz)"]
[EventRounds "11"]
[EventCountry "USA"]
[SourceTitle "CBM 203 Extra"]
[Source "ChessBase"]
[SourceDate "2021.09.30"]
[SourceVersion "1"]
[SourceVersionDate "2021.09.30"]
[SourceQuality "1"]

1. e4 c5 2. Ne2 Nf6 3. Nbc3 d5 4. exd5 Nxd5 5. Nxd5 Qxd5 6. d4 e5 7. Nc3 Qd8 8. dxe5 Qxd1+ 9. Kxd1 Nc6 10. Bg5 h6 11. Bh4 Bf5 12. Nd5 g5 13. Nf6+ Ke7 14. Nd5+ Ke6 15. Bc4 gxh4 16. Nb6+ Kxe5 17. Nxa8 Bd6 18. Bxf7 Rxa8 19. Kd2 Rd8 20. Rae1+ Kf6 21. Bc4 Bf4+ 22. Ke2 Rd2+ 23. Kf3 Bg5 24. Re2 Nd4# 0-1

[Event "Titled Tuesday intern op 10th Aug"]
[Site "Chess.com INT"]
[Date "2021.08.10"]
[Round "6"]
[White "Ulko, Jaroslav"]
[Black "Tronenkovs, Valdis"]
[Result "0-1"]
[WhiteElo "2437"]
[BlackElo "2265"]
[PlyCount "166"]
[EventDate "2021.08.10"]
[EventType "swiss (blitz)"]
[EventRounds "11"]
[EventCountry "USA"]
[SourceTitle "CBM 203 Extra"]
[Source "ChessBase"]
[SourceDate "2021.09.30"]
[SourceVersion "1"]
[SourceVersionDate "2021.09.30"]
[SourceQuality "1"]

1. d4 Nf6 2. Nf3 e6 3. c4 d5 4. Nc3 Be7 5. Bg5 h6 6. Bxf6 Bxf6 7. e3 0-0 8. Qc2 c5 9. dxc5 dxc4 10. Bxc4 Qa5 11. 0-0 Nd7 12. c6 bxc6 13. Rac1 Ba6 14. Bxa6 Qxa6 15. Rfd1 Nb6 16. Ne4 Be7 17. b3 Nd5 18. a4 Nb4 19. Qc4 Qxc4 20. Rxc4 Rfd8 21. Rcd4 Rxd4 22. Rxd4 Nd5 23. Rc4 Rb8 24. Ned2 c5 25. Ne5 Rb7 26. Kf1 Kf8 27. Ke2 Ke8 28. e4 Nb4 29. Nd3 Nc6 30. Nxc5 Bxc5 31. Rxc5 Nd4+ 32. Kd3 Nxb3 33. Nxb3 Rxb3+ 34. Rc3 Rb4 35. Rc4 Rb3+ 36. Ke2 Ra3 37. e5 Kd7 38. f4 f6 39. exf6 gxf6 40. Kf2 Kd6 41. g4 Kd5 42. Rb4 Kc5 43. Rb5+ Kc6 44. Ra5 Kb6 45. Rb5+ Kc6 46. Rb4 a5 47. Re4 Kd5 48. Re1 Rxa4 49. Kg3 Rc4 50. Rb1 a4 51. Rb5+ Kd4 52. Ra5 Kc3 53. Ra6 Re4 54. Kf3 Re1 55. Kf2 Re4 56. Kf3 f5 57. g5 hxg5 58. fxg5 Rg4 59. h4 Rxh4 60. Rxe6 Rg4 61. g6 a3 62. Rc6+ Kb3 63. Rb6+ Kc2 64. Rc6+ Kb2 65. Rb6+ Ka1 66. Ra6 Kb2 67. Rb6+ Kc3 68. Ra6 Kb3 69. Rb6+ Ka4 70. Ra6+ Kb4 71. Ra8 Rxg6 72. Kf4 Rb6 73. Kxf5 Rb5+ 74. Ke4 Ra5 75. Rb8+ Kc3 76. Rc8+ Kd2 77. Rd8+ Ke2 78. Rh8 a2 79. Rh2+ Kd1 80. Kd3 Kc1 81. Rh1+ Kb2 82. Rh2+ Kb3 83. Ke4 a1Q 0-1

[Event "Titled Tuesday intern op 27th July"]
[Site "Chess.com INT"]
[Date "2021.07.27"]
[Round "7"]
[White "Prohorov, Olexandr"]
[Black "Tronenkovs, Valdis"]
[Result "0-1"]
[WhiteElo "2086"]
[BlackElo "2265"]
[PlyCount "82"]
[EventDate "2021.07.27"]
[EventType "swiss (blitz)"]
[EventRounds "11"]
[EventCountry "USA"]
[SourceTitle "CBM 203 Extra"]
[Source "ChessBase"]
[SourceDate "2021.09.30"]
[SourceVersion "1"]
[SourceVersionDate "2021.09.30"]
[SourceQuality "1"]

1. e4 c5 2. c3 Nf6 3. e5 Nd5 4. Nf3 Nc6 5. Bc4 Nb6 6. Bb3 d6 7. exd6 Qxd6 8. d4 cxd4 9. cxd4 Be6 10. 0-0 Bxb3 11. Qxb3 e6 12. Nc3 Qb4 13. Qc2 Rc8 14. Bg5 h6 15. Bh4 Nxd4 16. Nxd4 Qxd4 17. Bg3 Be7 18. Rad1 Qc4 19. Qd2 0-0 20. Qe3 Bf6 21. Ne4 Be7 22. Bd6 Nd5 23. Qg3 Rfe8 24. Bxe7 Qxe4 25. Rfe1 Qa4 26. Bd6 Qxa2 27. Be5 f6 28. Bd4 e5 29. Be3 Nxe3 30. Qxe3 Rc7 31. Rd6 Rec8 32. h4 b6 33. Qd3 Qc4 34. Qd1 Qc2 35. Qg4 Qxb2 36. Red1 Qc2 37. Qe6+ Kh8 38. Rd7 Rxd7 39. Rxd7 Qc1+ 40. Kh2 Qf4+ 41. Kg1 Rc1+ 0-1

[Event "Titled Tuesday intern op 20th July"]
[Site "Chess.com INT"]
[Date "2021.07.20"]
[Round "1"]
[White "Bashirli, Saadat"]
[Black "Tronenkovs, Valdis"]
[Result "1-0"]
[WhiteElo "1320"]
[BlackElo "2265"]
[PlyCount "115"]
[EventDate "2021.07.20"]
[EventType "swiss (blitz)"]
[EventRounds "11"]
[EventCountry "USA"]
[SourceTitle "CBM 203 Extra"]
[Source "ChessBase"]
[SourceDate "2021.09.30"]
[SourceVersion "1"]
[SourceVersionDate "2021.09.30"]
[SourceQuality "1"]

1. d4 Nf6 2. Bg5 c5 3. dxc5 e6 4. Nc3 Bxc5 5. e3 Qa5 6. Bxf6 gxf6 7. Nf3 Bb4 8. Qd2 b6 9. a3 Bb7 10. Be2 Na6 11. 0-0 Bxc3 12. bxc3 Rc8 13. c4 Qxd2 14. Nxd2 Rg8 15. f3 Nc5 16. Rab1 Na4 17. Rb3 Ba6 18. Rb4 Nc3 19. Bd3 Rg5 20. g3 Ra5 21. Ra1 Ke7 22. Nb3 Re5 23. e4 d5 24. cxd5 Bxd3 25. cxd3 exd5 26. d4 Rh5 27. Re1 dxe4 28. fxe4 Kd6 29. Nd2 Re8 30. Rb3 Nb5 31. Rd3 Nc7 32. Nc4+ Kd7 33. Ne3 Ra5 34. Nc4 Ra4 35. Nb2 Ra5 36. e5 fxe5 37. dxe5+ Kc8 38. Rde3 Re6 39. Nc4 Rc5 40. Nd6+ Kd7 41. Nxf7 Nd5 42. Rd3 Kc6 43. Nd8+ Kd7 44. Nxe6 Kxe6 45. Kg2 Ra5 46. Rf3 Ra4 47. Kh3 a5 48. Rf8 b5 49. Rb8 b4 50. axb4 axb4 51. Rc8 Ra2 52. Rc6+ Ke7 53. Rd6 Nc3 54. Rb6 Rb2 55. e6 Nd5 56. Rb7+ Ke8 57. e7 b3 58. Rb8+ 1-0

[Event "Titled Tuesday intern op 20th July"]
[Site "Chess.com INT"]
[Date "2021.07.20"]
[Round "7"]
[White "Tronenkovs, Valdis"]
[Black "Mortazavi, Ali"]
[Result "1-0"]
[WhiteElo "2265"]
[BlackElo "2333"]
[PlyCount "97"]
[EventDate "2021.07.20"]
[EventType "swiss (blitz)"]
[EventRounds "11"]
[EventCountry "USA"]
[SourceTitle "CBM 203 Extra"]
[Source "ChessBase"]
[SourceDate "2021.09.30"]
[SourceVersion "1"]
[SourceVersionDate "2021.09.30"]
[SourceQuality "1"]

1. e4 c6 2. Nc3 d5 3. Nf3 dxe4 4. Nxe4 Nf6 5. Qe2 Be6 6. d3 Qc7 7. Nxf6+ exf6 8. Nd4 Qd7 9. Nxe6 Qxe6 10. g3 Bd6 11. Bh3 Qxe2+ 12. Kxe2 0-0 13. Re1 Na6 14. Bd2 Rad8 15. Kf3 Nc5 16. Bf4 Bxf4 17. Kxf4 Rfe8 18. Re3 Na4 19. Rae1 Rxe3 20. fxe3 g6 21. Rb1 Kf8 22. e4 Ke7 23. Ke3 a5 24. c3 c5 25. d4 Nb6 26. b3 cxd4+ 27. cxd4 Kd6 28. Rc1 Re8 29. Kd3 f5 30. e5+ Kd7 31. Bg2 Rb8 32. Rc5 a4 33. Rb5 Kc7 34. b4 Re8 35. Rc5+ Kb8 36. Rb5 Ka7 37. Ra5+ Kb8 38. Rc5 Re6 39. h4 f6 40. Bd5 Nxd5 41. Rxd5 fxe5 42. dxe5 Kc7 43. Kd4 Kc6 44. Rc5+ Kb6 45. Kd5 Re8 46. e6 h6 47. Kd6 g5 48. hxg5 hxg5 49. Rxf5 1-0

[Event "Titled Tuesday intern op 20th July"]
[Site "Chess.com INT"]
[Date "2021.07.20"]
[Round "8"]
[White "Tronenkovs, Valdis"]
[Black "Yaran, Siar"]
[Result "0-1"]
[WhiteElo "2265"]
[BlackElo "2272"]
[PlyCount "42"]
[EventDate "2021.07.20"]
[EventType "swiss (blitz)"]
[EventRounds "11"]
[EventCountry "USA"]
[SourceTitle "CBM 203 Extra"]
[Source "ChessBase"]
[SourceDate "2021.09.30"]
[SourceVersion "1"]
[SourceVersionDate "2021.09.30"]
[SourceQuality "1"]

1. e4 e5 2. Bc4 Nf6 3. d3 Nc6 4. Nc3 Na5 5. Bb3 Nxb3 6. axb3 d5 7. exd5 Nxd5 8. Qh5 Nb4 9. Qxe5+ Be7 10. Kd1 0-0 11. Nf3 Re8 12. Re1 Be6 13. Bd2 Bf6 14. Qc5 Nxd3 15. cxd3 Bxb3+ 16. Kc1 Qxd3 17. Nb5 b6 18. Qc6 Red8 19. Re3 Qf1+ 20. Ne1 Qxf2 21. Nd6 cxd6 0-1

[Event "Titled Tuesday intern op 20th July"]
[Site "Chess.com INT"]
[Date "2021.07.20"]
[Round "11"]
[White "Zherebtsova, Alexandra"]
[Black "Tronenkovs, Valdis"]
[Result "1-0"]
[WhiteElo "2133"]
[BlackElo "2265"]
[PlyCount "59"]
[EventDate "2021.07.20"]
[EventType "swiss (blitz)"]
[EventRounds "11"]
[EventCountry "USA"]
[SourceTitle "CBM 203 Extra"]
[Source "ChessBase"]
[SourceDate "2021.09.30"]
[SourceVersion "1"]
[SourceVersionDate "2021.09.30"]
[SourceQuality "1"]

1. d4 Nf6 2. Nf3 e6 3. g3 d5 4. Bg2 Be7 5. c4 0-0 6. 0-0 Nbd7 7. Qc2 c6 8. b3 b6 9. Nc3 Ba6 10. Rd1 dxc4 11. Ne5 Nxe5 12. dxe5 Nd5 13. bxc4 Bxc4 14. Ne4 Nb4 15. Qa4 b5 16. Rxd8 bxa4 17. Rxa8 Rxa8 18. Nd6 Bxe2 19. Bd2 Rb8 20. Rb1 Na6 21. Rc1 Rb2 22. Be3 Nb4 23. a3 Nd3 24. Ra1 c5 25. Nc4 Rb3 26. h4 h6 27. Na5 Rb5 28. Nc6 Bf8 29. Nxa7 Rb2 30. Nc6 1-0

[Event "Titled Tuesday intern op 13th July"]
[Site "Chess.com INT"]
[Date "2021.07.13"]
[Round "7"]
[White "Derjabin, Ilja"]
[Black "Tronenkovs, Valdis"]
[Result "1-0"]
[WhiteElo "2353"]
[BlackElo "2265"]
[PlyCount "65"]
[EventDate "2021.07.13"]
[EventType "swiss (blitz)"]
[EventRounds "11"]
[EventCountry "USA"]
[SourceTitle "CBM 203 Extra"]
[Source "ChessBase"]
[SourceDate "2021.09.30"]
[SourceVersion "1"]
[SourceVersionDate "2021.09.30"]
[SourceQuality "1"]

1. d4 Nf6 2. c4 e6 3. Nc3 d5 4. cxd5 exd5 5. Bg5 Be7 6. e3 h6 7. Bh4 0-0 8. Bd3 c6 9. Qc2 Re8 10. Nge2 Nbd7 11. 0-0 Ne4 12. Bxe7 Qxe7 13. Rae1 Ndf6 14. f3 Nxc3 15. Nxc3 Be6 16. e4 dxe4 17. fxe4 Rad8 18. e5 Nd5 19. Ne4 Nb4 20. Qd2 Nxd3 21. Qxd3 Qb4 22. Nd6 Re7 23. b3 Bd5 24. Nf5 Re6 25. Re3 c5 26. Rg3 cxd4 27. Rxg7+ Kf8 28. Rh7 Ke8 29. Ng7+ Kd7 30. Rxf7+ Kc6 31. Nxe6 Bxe6 32. Rc7+ Kb6 33. Rxb7+ 1-0

[Event "Titled Tuesday intern op 13th July"]
[Site "Chess.com INT"]
[Date "2021.07.13"]
[Round "9"]
[White "Golubev, Mikhail"]
[Black "Tronenkovs, Valdis"]
[Result "0-1"]
[WhiteElo "2461"]
[BlackElo "2265"]
[PlyCount "86"]
[EventDate "2021.07.13"]
[EventType "swiss (blitz)"]
[EventRounds "11"]
[EventCountry "USA"]
[SourceTitle "CBM 203 Extra"]
[Source "ChessBase"]
[SourceDate "2021.09.30"]
[SourceVersion "1"]
[SourceVersionDate "2021.09.30"]
[SourceQuality "1"]

1. e4 c5 2. Nf3 Nc6 3. Nc3 g6 4. d4 cxd4 5. Nxd4 Bg7 6. Be3 Nf6 7. Bc4 0-0 8. Bb3 d5 9. exd5 Na5 10. Qf3 Bg4 11. Qg3 Nxb3 12. axb3 Bh5 13. d6 Ng4 14. 0-0-0 Nxe3 15. Qxe3 Qa5 16. dxe7 Rfe8 17. f3 Bf6 18. Kb1 Rxe7 19. Ne4 Bg7 20. g4 Bxg4 21. fxg4 Rae8 22. Qc3 Qd5 23. Ng3 Rd8 24. Nge2 Rxe2 25. Nxe2 Qxd1+ 26. Rxd1 Rxd1+ 27. Ka2 Bxc3 28. Nxc3 Rh1 29. Nd5 Rxh2 30. c4 h5 31. gxh5 gxh5 32. c5 h4 33. b4 h3 34. b5 Rd2 35. Nf6+ Kg7 36. Ne4 Rd4 37. Nd6 h2 38. Nf5+ Kf8 39. Nxd4 h1Q 40. Kb3 Qd5+ 41. Kc3 Qxc5+ 42. Kd3 Qxd4+ 43. Kxd4 Ke7 0-1

[Event "Titled Tuesday intern op 13th July"]
[Site "Chess.com INT"]
[Date "2021.07.13"]
[Round "5"]
[White "Sahil, Tickoo"]
[Black "Tronenkovs, Valdis"]
[Result "0-1"]
[WhiteElo "2201"]
[BlackElo "2265"]
[PlyCount "62"]
[EventDate "2021.07.13"]
[EventType "swiss (blitz)"]
[EventRounds "11"]
[EventCountry "USA"]
[SourceTitle "CBM 203 Extra"]
[Source "ChessBase"]
[SourceDate "2021.09.30"]
[SourceVersion "1"]
[SourceVersionDate "2021.09.30"]
[SourceQuality "1"]

1. d4 Nf6 2. c4 e6 3. Nc3 d5 4. cxd5 exd5 5. Bg5 Be7 6. e3 h6 7. Bh4 0-0 8. Nf3 c6 9. Bd3 Ne4 10. Bxe7 Qxe7 11. Rc1 Bf5 12. 0-0 Nd7 13. Qc2 Nxc3 14. bxc3 Bxd3 15. Qxd3 b5 16. Rfe1 Rfe8 17. Qc2 a5 18. a4 Nb6 19. Ne5 Nxa4 20. Nxc6 Qc7 21. Ne5 Rac8 22. Qf5 Nxc3 23. Rxc3 Qxc3 24. Qxf7+ Kh8 25. Rf1 b4 26. Ng6+ Kh7 27. Qf5 Qc2 28. Nf8+ Kg8 29. Qxd5+ Kxf8 30. g3 Qc4 31. Qd6+ Kg8 0-1

[Event "Titled Tuesday intern op 13th July"]
[Site "Chess.com INT"]
[Date "2021.07.13"]
[Round "1"]
[White "Tronenkovs, Valdis"]
[Black "Kukhmazov, Arsen"]
[Result "0-1"]
[WhiteElo "2265"]
[BlackElo "2466"]
[PlyCount "64"]
[EventDate "2021.07.13"]
[EventType "swiss (blitz)"]
[EventRounds "11"]
[EventCountry "USA"]
[SourceTitle "CBM 203 Extra"]
[Source "ChessBase"]
[SourceDate "2021.09.30"]
[SourceVersion "1"]
[SourceVersionDate "2021.09.30"]
[SourceQuality "1"]

1. e4 c6 2. Nc3 d5 3. Nf3 Bg4 4. d4 e6 5. Bd3 Nf6 6. 0-0 Be7 7. h3 Bh5 8. Re1 0-0 9. a3 dxe4 10. Nxe4 Bg6 11. Nc5 Bxc5 12. Bxg6 hxg6 13. dxc5 Nbd7 14. Bf4 Re8 15. Bd6 Qa5 16. b4 Qa6 17. Qd4 Rad8 18. Qh4 b6 19. Ng5 bxc5 20. bxc5 Qa5 21. Re3 Nxc5 22. Be5 Ncd7 23. Bxf6 Nxf6 24. Rf3 Rd5 25. Rg3 Red8 26. Kh2 Qc7 27. Rb1 Nh5 28. Kg1 Rd1+ 29. Rxd1 Rxd1+ 30. Kh2 Qe5 31. Nf3 Qa1 32. Qd8+ Rxd8 0-1